|
|
|
|
| LEADER |
01077nam a2200229 a 4500 |
| 001 |
GR-Patra21635 |
| 008 |
070518s1995 gr g 000 0 gre d |
| 040 |
|
|
|a GrPaTEI
|b gre
|c GR-PaULI
|
| 040 |
|
|
|a GrPaTEI
|b gre
|c GR-PaULI
|
| 082 |
|
0 |
|a 241.6976
|2 21
|
| 100 |
1 |
|
|a Βασιλειάδης, Νικόλαος Π.
|
| 245 |
1 |
0 |
|a Πότε εμψυχούνται το ανθρώπινο έμβρυο :
|b η ώρα μηδέν της ανθρώπινης ζωής /
|c Νικολάου Π Βασιλειάδη.
|
| 250 |
|
|
|a 6η εκδ.
|
| 260 |
|
|
|a Αθήνα :
|b Ο Σωτήρ,
|c 1995
|
| 300 |
|
|
|a 64 σ. :
|b εικ.
|
| 650 |
|
4 |
|a Έκτρωση
|x Θεολογικές απόψεις
|
| 650 |
|
4 |
|a Έκτρωση
|x Θεολογικές απόψεις
|x Χριστιανισμός
|
| 710 |
0 |
|
|a Ο Σωτήρ
|
| 942 |
|
|
|2 ddc
|
| 952 |
|
|
|0 0
|1 0
|2 ddc
|4 0
|6 241_697600000000000_ΒΑΣ
|7 0
|9 301953
|a LISK
|b LISK
|c BSC
|d 2021-01-17
|e 24
|f 0
|g 0.00
|l 0
|o 241.6976 ΒΑΣ
|p 92410019091
|r 2021-01-17 00:00:00
|t 1
|w 2021-01-17
|y BK15
|x 20070518 0 1
|x GrPaTEI
|
| 971 |
|
|
|a .b26692089
|b 08-10-20
|c 26-09-16
|
| 999 |
|
|
|c 175525
|d 175525
|